海老名発小川町行きの停車駅 - Statistics

General Stats
  • This quiz has been taken 185 times
  • The average score is 30 of 34
Answer Stats
路線名 発車時刻 停車駅 % Correct
東京メトロ副都心線 6:12 渋谷
100%
相鉄本線 5:14 海老名
99%
東急新横浜線 5:40 新横浜
99%
東武東上線 6:44 和光市
99%
6:26 池袋
98%
東急東横線 5:47 日吉
97%
5:51 武蔵小杉
97%
7:00 川越
97%
6:19 新宿三丁目
96%
6:32 小竹向原
96%
7:02 川越市
96%
7:39着 小川町
96%
相鉄新横浜線 5:32 西谷
95%
5:44 新綱島
95%
6:04 中目黒
95%
5:28 二俣川
94%
5:35 羽沢横浜国大
94%
5:55 田園調布
94%
5:57 自由が丘
94%
7:27 森林公園
94%
5:53 多摩川
92%
6:15 明治神宮前
92%
5:21 大和
88%
6:00 学芸大学
88%
6:49 朝霞台
87%
7:13 坂戸
80%
7:23 東松山
76%
7:32 武蔵嵐山
70%
7:30 つきのわ
69%
7:06 霞ケ関
66%
7:16 北坂戸
65%
7:11 若葉
63%
7:20 高坂
62%
7:08 鶴ケ島
58%
No matching quizzes found
Score Distribution
Percent of People with Each Score
Percentile by Number Answered
Your Score History
You have not taken this quiz